Životné minimum od 1. júla 2020
Opatrením Ministerstva práce, sociálnych vecí a rodiny SR č.174/2020 Z.z., sa s účinnosťou od 1.7.2020 mení životné minimum §2 ods. 1 zákona č.601/2003 Z.z. o životnom minime a to: - ak ide o jednu plnoletú fyzickú osobu na 214,83 eur/1mes., - ak ide o ďalšiu spoločne posudzovanú plnoletú fyzickú os...
Salvato in:
| Autore principale: | |
|---|---|
| Natura: | Capitolo di libro |
| Lingua: | slovacco |
| Soggetti: | |
| Tags: |
Nessun Tag, puoi essere il primo ad aggiungerne!!
|
MARC
| LEADER | 00000naa a2200000 4500 | ||
|---|---|---|---|
| 001 | 0268335 | ||
| 005 | 20200909114031.5 | ||
| 041 | 0 | |a slo | |
| 044 | |a SK | ||
| 245 | 1 | 0 | |a Životné minimum od 1. júla 2020 |c Katarína Danajovičová |
| 520 | |a Opatrením Ministerstva práce, sociálnych vecí a rodiny SR č.174/2020 Z.z., sa s účinnosťou od 1.7.2020 mení životné minimum §2 ods. 1 zákona č.601/2003 Z.z. o životnom minime a to: - ak ide o jednu plnoletú fyzickú osobu na 214,83 eur/1mes., - ak ide o ďalšiu spoločne posudzovanú plnoletú fyzickú osobu na 149,87 eur/1mes., - ak ide o zaopatrené neplnoleté dieťa, alebo o nezaopatrené dieťa na 98,08 eur/1mes. | ||
| 610 | 2 | 0 | |a minimum existenčné |
| 610 | 2 | 0 | |a osoby fyzické |
| 610 | 2 | 0 | |a deti |
| 610 | 2 | 0 | |a zákony |
| 100 | 1 | |a Danajovičová, Katarína | |